00499 2200193 4500001002100000005001500021008004100036020002200077035001900099041000700118082000800125090001400133100002500147245006300172260002600235300002600261500000600287650001200293INLIS00000000000687820241224113352241224||||||||| | ||| |||| || |  a978-602-8767-24-8 0010-1224006878 aen0 a611 a611 DIA c0 aDian Malini Oktovina00aContekan Rumus Biologi ala Bimbel Paling Lengkap Untuk SMA aJakartabHikmahc2010 aviii, 214 hlm.; 19 cm a1 0aBiologi